000 02618cam a2200445 i 4500
001 11451420
003 ARRUPE
005 20150807142308.0
008 140801t20152015ilua b 001 0 eng c
010 _a 2014030670
020 _a9780226235059 (cloth : alk. paper)
020 _a022623505X (cloth : alk. paper)
020 _a9780226235196 (pbk. : alk. paper)
020 _a022623519X (pbk. : alk. paper)
020 _z9780226235226 (e-book)
024 _a40024874968
035 _a(OCoLC)ocn883646994
035 _a(OCoLC)883646994
040 _aICU/DLC
_beng
_erda
_cSTF
_dCGU
_dDLC
_dYDXCP
_dBTCTA
_dBDX
_dOCLCF
_dHTM
_dCOO
_dCDX
042 _apcc
043 _af-rh---
050 0 0 _aDT2981
_b.W45 2015
082 0 0 _a968.91/04
_223
100 1 _aWhite, Luise,
_eauthor.
_911034
245 1 0 _aUnpopular sovereignty :
_bRhodesian independence and African decolonization /
_cLuise White.
260 _aChicago
_bThe University of Chicago Pree
_c2015
300 _axvi, 343 pages :
_billustrations ;
_c23 cm
504 _aIncludes bibliographical references (pages 315-334) and index.
505 0 _a"The last good white man left": Rhodesia, Rhonasia, and the decolonization of British Africa -- "Racial representation of the worst type": the 1957 Franchise Commission, citizenship, and the problem of polygyny -- "European opinion and African capacities": the life and times of the 1961 Constitution -- "A rebellion by a population the size of Portsmouth": the status of Rhodesia's independence, 1965-1969 -- "A James Bond would be truly at home": sanctions and sanctions busters -- "Politics as we know the term": tribes, chiefs, and the 1969 Constitution -- "Other peoples' sons": conscription, citizenship, and families, 1970-1980 -- "Why come now and ask us for our opinion?": the 1972 Pearce Commission and the African National Council -- "Your vote means peace": the making and the unmaking of the internal settlement, 1975-1979 -- "Lancaster House was redundant": constitutions, citizens, and the frontline presidents -- "Adequate and acceptable": the 1980 election and the idea of decolonization -- "People such as ourselves": Rhodesia, Rhonasia, and the history of Zimbabwe.
648 7 _a1890 - 1980
_2fast
_918571
650 0 _aDecolonization
_zZimbabwe.
_918572
650 7 _aDecolonization.
_2fast
_99993
651 0 _aZimbabwe
_xHistory
_y1965-1980.
_96298
651 0 _aZimbabwe
_xHistory.
_99704
651 0 _aZimbabwe
_xHistory
_y1890-1965.
_918573
651 7 _aZimbabwe.
_2fast
_99210
655 7 _aHistory.
_2fast
_912337
942 _2lcc
_cMONOGRAPH
948 1 _a20150727
_bc
_cas2107
_dMPS
999 _c123051
_d123051